01827nam a2200433 i 450000100060000000300080000600500170001400600190003100700150005000800410006502000270010603500230013303500240015603500250018003500220020504000310022705000220025808000150028008200240029510000270031924501990034626400490054530000410059433600310063533700330066633800430069950000900074250400290083258801270086159001640098865000390115265000230119165000150121465500270122970000390125679700190129585600620131499900170137631333FlNmELB20241216220641.0m o d | cr cnu||||||||171012s2016 cu ob 000 0 spa d a9789591634115 (e-book) a(MiAaPQ)EBC4946007 a(Au-PeEL)EBL4946007 a(CaPaEBR)ebr11423348 a(OCoLC)1105431323 aFINmELBbspaerdacFINmELB 4aTK9152bP433 2016 a621.039.580 a363.179909477142231 aPerdomo Ojeda, Manuel.10aMétodos semicuantitativos avanzados para la seguridad y fiabilidad de la industria nuclear y otras prácticas riesgosas /cautor: Manuel Perdomo Ojeda ; tutor: Dr.C. Jesús Salomón Llanes. 1aLa Habana :bEditorial Universitaria,c2016. a1 recurso en línea (147 páginas) atextobtxt2rdacontent/spa acomputadorabc2rdamedia/spa arecurso en líneabcr2rdacarrier/spa aTesis (Doctor en Ciencias Técnicas)--Instituo Superior de Ciencias Aplicadas, 2016. aContiene bibliografía. aDescripción basada en recurso en línea; Título de la página del título en PDF (e-libro, visto October 12, 2017). aRecurso electrónico. Santa Fe, Arg.: e-libro, 2015. Disponible vía World Wide Web. El acceso puede estar limitado para las bibliotecas afiliadas a e-libro. 0aNuclear industryxSafety measures. 4aEnergía nuclear. 4aIndustria. 4aLibros electrónicos.1 aSalomón Llanes, Jesús,etutor.2 ae-libro, Corp.40uhttps://elibro.net/ereader/politecnicointernacional/90931 c31333d31333